LEADER 01050nam a2200265 i 4500 001 991000491389707536 005 20230706084853.0 008 970703s1980 it 001 0 ita 020 $a8820418045 035 $ab10085397-39ule_inst 035 $aLE02517015 040 $aFac. Economia$bita 082 04$a658.8 100 1 $aBerruti, Giuseppe Maria$0230409 245 12$aI discount :$b[tipi, assortimento, approvvigionamento, layout, display, politiche dei prezzi, organizzazione del lavoro, pubblicità] /$cGiuseppe Berruti 260 $aMilano :$bAngeli,$cc1980 300 $a109 p., [4] p. di tav. :$bill. ;$c22 cm 490 1 $aFormazione permanente.$aSez. 2, Nuove tecniche ;$v22 650 4$aVendita a prezzo scontato 907 $a.b10085397$b14-12-18$c27-06-02 912 $a991000491389707536 945 $aLE025 ECO 658.8 BER06.01$g1$i2025000047440$lle025$nCatalogato 2018$o-$pE0.00$q-$rl$s-$t0$u3$v0$w3$x0$y.i10098513$z27-06-02 996 $aDiscount$9196187 997 $aUNISALENTO 998 $ale025$b01-01-97$cm$da$e-$fita$git$h2$i1 LEADER 01775nam 2200505I 450 001 9910702574803321 005 20141126095456.0 035 $a(CKB)5470000002428428 035 $a(OCoLC)896936378 035 $a(EXLCZ)995470000002428428 100 $a20141126j201404 ua 0 101 0 $aeng 135 $aurcn||||||||| 181 $ctxt$2rdacontent 182 $cc$2rdamedia 183 $acr$2rdacarrier 200 10$aCalibration of International Space Station (ISS) node 1 vibro-acoustic model$hReport 2 /$fWeiguo Zhang and Ravi Raveendra 210 1$aHampton, Virginia :$cNational Aeronautics and Space Administration, Langley Research Center,$dApril 2014. 215 $a1 online resource (32 pages) $ccolor illustrations 225 1 $aNASA-CR ;$v2014-218249 300 $aTitle from title screen (viewed Nov. 26, 2014). 300 $a"April 2014." 517 $aCalibration of International Space Station 606 $aAcoustics$2nasat 606 $aFinite element method$2nasat 606 $aInternational Space Station$2nasat 606 $aSound fields$2nasat 606 $aVibrational stress$2nasat 606 $aEnergy methods$2nasat 615 7$aAcoustics. 615 7$aFinite element method. 615 7$aInternational Space Station. 615 7$aSound fields. 615 7$aVibrational stress. 615 7$aEnergy methods. 700 $aZhang$b Weiguo$01094720 702 $aRaveendra$b Ravi 712 02$aLangley Research Center, 712 02$aUnited States.$bNational Aeronautics and Space Administration, 801 0$bGPO 801 1$bGPO 906 $aBOOK 912 $a9910702574803321 996 $aCalibration of International Space Station (ISS) node 1 vibro-acoustic model$93476969 997 $aUNINA